Determinación analítica de la resistencia a cortante en función de la esbeltez y de la carga axial en muretes de mampostería de bloques de concreto
Salvato in:
| Autore principale: | |
|---|---|
| Natura: | Libro |
| Pubblicazione: |
San José, C.R.
1999
|
| Soggetti: | |
| Tags: |
Aggiungi Tag
Nessun Tag, puoi essere il primo ad aggiungerne!!
|
MARC
| LEADER | 00000nam a2200000Ia 4500 | ||
|---|---|---|---|
| 003 | 010095 | ||
| 005 | 20221231144211.0 | ||
| 008 | 140114s1999 cr a m 000 ||s d | ||
| 040 | |c cru CEDI | ||
| 090 | |a TFG 4093 | ||
| 100 | |a Jimenez De Sarraga, Guillermo |9 8331 | ||
| 245 | |a Determinación analítica de la resistencia a cortante en función de la esbeltez y de la carga axial en muretes de mampostería de bloques de concreto | ||
| 260 | |c 1999 |a San José, C.R. | ||
| 300 | |a xii, 103 hojas : ilustraciones a color | ||
| 500 | |a Proyecto dr graduación (licenciatura en ingeniería civil)--Universidad de Costa Rica. Facultad de Ingeniería. Escuela de Ingeniería Civil | ||
| 650 | |x MAMPOSTERIA |x COLUMNAS DE HORMIGON |x ANALISIS ESTRUCTURAL (INGENIERIA) |9 8332 | ||
| 942 | |c TFG | ||
| 999 | |c 18344 |d 18344 | ||
